| 000 | 00914cam a22002891 4500 | ||
|---|---|---|---|
| 001 | 36460 | ||
| 003 | BD-RjUL | ||
| 005 | 20211209052505.0 | ||
| 008 | 140624s1968 1964 at b 001 0 eng | ||
| 020 | _a0522839223 | ||
| 035 | _a(BD-RjUL)36560 | ||
| 035 | _a(BD-RjUL)36560 | ||
| 040 |
_aDLC _cODaWU _dOCoLC _dUk _dDLC _beng |
||
| 041 | _aeng | ||
| 082 |
_a324.294 _bJUA 1968 |
||
| 100 | 1 |
_aJupp, James. _9111002 |
|
| 245 | 1 | 0 | _aAustralian party politics / |
| 260 |
_a[Melbourne] _bMelbourne University Press; _aNew York, _bCambridge University Press _c1964 [Reprinted 1968] |
||
| 300 |
_aix, 235 p. ; _c22 cm. |
||
| 504 | _aBibliographical footnotes. | ||
| 650 | 0 |
_aPolitical parties _zAustralia. _9111003 |
|
| 651 | 0 |
_aAustralia _xPolitics and government. _9111004 |
|
| 651 | 0 |
_aAustralia _xPolitics and government _y1945- _9111005 |
|
| 942 |
_2ddc _cBK |
||
| 999 |
_c36460 _d36460 |
||